000 00397nam a2200181Ia 4500
005 20250603145616.0
008 250603s9999 xx 000 0 und d
020 _a0879010363
050 _aBF 121 .L5/
100 _aLindzey, Gardner
245 0 _aPsychology
260 _aNew York
260 _bWorth Publishers
260 _c1975
300 _a802 p
650 _aNew York
942 _cBK
999 _c42339
_d42339